PROUD of me : (Record no. 185793)

MARC details
000 -LEADER
fixed length control field 01215nam a2200241 i 4500
005 - DATE AND TIME OF LATEST TRANSACTION
control field 20211031121328.0
008 - FIXED-LENGTH DATA ELEMENTS--GENERAL INFORMATION
fixed length control field 211031s2021 enk g ||0 1 eng d
020 ## - INTERNATIONAL STANDARD BOOK NUMBER
International Standard Book Number 9781474966245
Terms of availability RM 39.90
Qualifying information paperback
040 ## - CATALOGING SOURCE
Original cataloging agency PPAK
Language of cataloging eng
Transcribing agency PPAK
Description conventions rda
082 04 - DEWEY DECIMAL CLASSIFICATION NUMBER
Edition number 23
Classification number 823.92
090 00 - LOCALLY ASSIGNED LC-TYPE CALL NUMBER (OCLC); LOCAL CALL NUMBER (RLIN)
Classification number (OCLC) (R) ; Classification number, CALL (RLIN) (NR) 823.92
Feature heading HAG
Feature heading G
100 10 - MAIN ENTRY--PERSONAL NAME
Personal name Hagger-Holt, Sarah
Relator term author.
245 14 - TITLE STATEMENT
Title PROUD of me :
Remainder of title All I want is for my family to be... /
Statement of responsibility, etc. SARAH HAGGER-HOLT
264 #1 - PRODUCTION, PUBLICATION, DISTRIBUTION, MANUFACTURE, AND COPYRIGHT NOTICE
Place of production, publication, distribution, manufacture London :
Name of producer, publisher, distributor, manufacturer Usborne Publishing Ltd.,
Date of production, publication, distribution, manufacture, or copyright notice [2021]
300 ## - PHYSICAL DESCRIPTION
Extent 293pages ;
Dimensions 20 cm.
336 ## - CONTENT TYPE
Source rdacontent
Content type term text
337 ## - MEDIA TYPE
Source rdamedia
Media type term unmediated
338 ## - CARRIER TYPE
Source rdacarrier
Carrier type term volume
520 ## - SUMMARY, ETC.
Summary, etc. Becky and Josh are almost-twins, with two mums and the same anonymous donor dad. Josh can't wait until he's eighteen, the legal age when he can finally contact his father, and he'll do anything to find out more, even if it involves lying. Becky can't stop thinking about her new friend, Carli. Could her feelings for Carli be a sign of something more? Becky and Josh both want their parents to be proud of them, but right now, they're struggling to even accept themselves.
650 10 - SUBJECT ADDED ENTRY--TOPICAL TERM
Topical term or geographic name entry element Sexual minorities
Form subdivision fiction.
Topical term or geographic name entry element Families
Form subdivision fiction.
942 ## - ADDED ENTRY ELEMENTS (KOHA)
Source of classification or shelving scheme Dewey Decimal Classification
Koha item type Book
Holdings
Withdrawn Not for loan Current library Shelving location Date acquired Total Checkouts Total Renewals Full call number Barcode Checked out Date last seen Date last checked out Koha item type
    Perpustakaan Alor Setar Pinjaman Dewasa 16/11/2021 10 3 823.92 HAG A01709660 16/04/2026 26/03/2026 26/03/2026 Book
    Perpustakaan Awam Sungai Petani Pinjaman Dewasa 16/11/2021 4 1 823.92 HAG A01709661   25/03/2024 13/02/2024 Book
    Perpustakaan Baling Pinjaman Dewasa 16/11/2021 4 1 823.92 HAG A01709663   06/12/2023 29/11/2023 Book
    Perpustakaan Bandar Baharu Pinjaman Dewasa 16/11/2021     823.92 HAG A01709664   16/11/2021   Book
    Perpustakaan Kulim Pinjaman Dewasa 16/11/2021 1   823.92 HAG A01709662 30/01/2023 09/01/2023 09/01/2023 Book